[Event "Mechanics' Spring TNM; 30/90, SD/30"]
[Site "San Francisco"]
[Date "2012.03.20"]
[Round "2.10"]
[White "Byambaa, Uyanga"]
[Black "Drane, Robert"]
[Result "0-1"]
[WhiteElo "2029"]
[BlackElo "1840"]
[Annotator "Donaldson"]
[PlyCount "90"]
[EventDate "2012.??.??"]

1. e4 Nf6 2. e5 Nd5 3. d4 d6 4. Nf3 dxe5 5. Nxe5 c6 6. c4 Nb4 7. Na3 Nd7 8. Bd2
e6 9. Nd3 Nxd3+ 10. Bxd3 Nc5 11. Bc3 Nxd3+ 12. Qxd3 Be7 13. O-O O-O 14. Rad1 b6
15. Rfe1 Bf6 16. Nc2 Re8 17. Ne3 e5 18. dxe5 Qxd3 19. Rxd3 Bg5 20. Rd6 Bxe3 21.
Rxe3 c5 22. h3 Be6 23. b3 Kf8 24. Red3 Ke7 25. g4 Rad8 26. f4 g6 27. Kf2 Rd7
28. Kf3 Red8 29. Rxd7+ Rxd7 30. Re3 Rd1 31. Ke4 Bc8 32. f5 gxf5+ 33. gxf5 Rf1
34. f6+ Ke8 35. Rg3 Bf5+ 36. Kd5 Kd7 37. Rg2 $4 (37. e6+ $15) 37... Rf3 (37...
Rf4) 38. Bd4 cxd4 (38... Rf4) 39. b4 d3 40. c5 bxc5 41. bxc5 Re3 42. c6+ Kc7
43. Rb2 Be6+ 44. Kc5 Rxe5+ 45. Kd4 Rd5+ 0-1

[Event "Mechanics' Fall TNM; 30/90, SD/30"]
[Site "San Francisco"]
[Date "2012.11.20"]
[Round "6.3"]
[White "Byambaa, Uyanga"]
[Black "LaCounte, Brendan"]
[Result "1-0"]
[WhiteElo "2093"]
[BlackElo "1924"]
[PlyCount "79"]
[EventDate "2012.??.??"]

1. e4 e6 2. d4 d5 3. Nc3 Nf6 4. e5 Nfd7 5. f4 c5 6. Nf3 Nc6 7. Be3 Be7 8. Qd2
c4 9. Be2 b5 10. a3 Qa5 11. O-O Nb6 12. b4 Qa6 13. Rfb1 Na4 14. Nxa4 Qxa4 15.
c3 Bd7 16. Bd1 Qa6 17. a4 Qb7 18. axb5 Qxb5 19. f5 exf5 20. Bg5 h6 21. Bxe7
Kxe7 22. Nh4 g5 23. Nf3 Rhg8 24. h4 f4 25. Ba4 Qb7 26. hxg5 hxg5 27. Rf1 Be6
28. b5 Na5 29. Qb2 Qb6 30. Bc2 Nb7 31. Ra6 Qc7 32. b6 Qc8 33. Rxa7 Rb8 34. Ba4
Kf8 35. Qb4+ Kg7 36. Nxg5 Kh8 37. Qe7 Rxg5 38. Qxg5 Bh3 39. Rxf4 Bxg2 40. Rh4#
1-0

[Event "Mechanics' Winter TNM; 30/90, SD/30"]
[Site "San Francisco"]
[Date "2012.01.24"]
[Round "4.5"]
[White "Byambaa, Uyanga"]
[Black "Liu, Daniel"]
[Result "0-1"]
[WhiteElo "2027"]
[BlackElo "2114"]
[PlyCount "76"]
[EventDate "2012.??.??"]

1. e4 c5 2. Nf3 Nc6 3. d4 cxd4 4. Nxd4 g6 5. Nc3 Bg7 6. Be3 Nf6 7. Bc4 Qa5 8.
O-O O-O 9. Bb3 d6 10. h3 Bd7 11. Qd2 Nxe4 12. Nxc6 Nxd2 13. Nxa5 Nxf1 14. Rxf1
b6 15. Nc4 Bc6 16. Rd1 Rfd8 17. Nd5 Bxd5 18. Rxd5 e6 19. Rxd6 Rxd6 20. Nxd6
Bxb2 21. Bg5 Kf8 22. Ne4 Rc8 23. Bh6+ Ke7 24. Bf4 Rd8 25. Kf1 f6 26. h4 Rd4 27.
f3 f5 28. Bg5+ Kf7 29. Nf2 h6 30. Bxh6 Rxh4 31. Bg5 Rh8 32. Nd3 Bf6 33. Be3 g5
34. Nb4 Rh1+ 35. Ke2 Rh2 36. Nc6 Rxg2+ 37. Kf1 Rg3 38. Kf2 f4 {Both players
quit keeping score at this point. Later Black played ...g5-g4 making two
passed pawns which later decided the game.} 0-1

[Event "Mechanics' Spring TNM; 30/90, SD/30"]
[Site "San Francisco"]
[Date "2012.04.10"]
[Round "5.6"]
[White "Byambaa, Uyanga"]
[Black "Marshall, Johnathan"]
[Result "1-0"]
[WhiteElo "2029"]
[BlackElo "1679"]
[PlyCount "103"]
[EventDate "2012.??.??"]

1. e4 e6 2. d4 d5 3. Nc3 dxe4 4. Nxe4 Bd7 5. Nf3 Bc6 6. Bd3 Nd7 7. O-O Ngf6 8.
Ng3 Be7 9. a3 O-O 10. b4 Bxf3 11. Qxf3 c6 12. Bb2 Re8 13. Rfe1 Qb6 14. Nh5 Nxh5
15. Qxh5 g6 16. Qh3 Bf6 17. Re4 a5 18. b5 cxb5 19. Rae1 b4 20. a4 Qd6 21. Qf3
Re7 22. Rf4 Bg7 23. Qxb7 Nb6 24. Qf3 Rc8 25. Ra1 Rec7 26. h4 Qf8 27. h5 Bh6 28.
Rh4 g5 29. Qe4 Qg7 30. Rh3 Nd5 31. Rb1 Nc3 32. Bxc3 Rxc3 33. Rg3 Rd8 34. Rf3
Rc7 35. Rd1 Rcd7 36. Re1 Rxd4 37. Qb7 R4d7 38. Qb6 Ra8 39. Rd1 Raa7 40. Qc6
Rdc7 41. Qe4 Rd7 42. Re1 Rd4 43. Qc6 Rdd7 44. Bb5 Rdc7 45. Qd6 Qb2 46. Qd8+ Bf8
47. Qxg5+ Qg7 48. Qd2 Kh8 49. Rg3 Qh6 50. Qd8 Rxc2 51. Qd4+ Bg7 52. Qxa7 1-0

[Event "Mechanics' Spring TNM; 30/90, SD/30"]
[Site "San Francisco"]
[Date "2012.04.03"]
[Round "4.8"]
[White "Byambaa, Uyanga"]
[Black "Royzen, Igor"]
[Result "1-0"]
[WhiteElo "2029"]
[BlackElo "1849"]
[PlyCount "77"]
[EventDate "2012.??.??"]

1. e4 c5 2. Nf3 Nc6 3. d4 cxd4 4. Nxd4 g6 5. Nc3 Bg7 6. Be3 Nf6 7. Nxc6 bxc6 8.
e5 Ng8 9. f4 Nh6 10. Qd2 Qa5 11. O-O-O O-O 12. h3 d6 13. g4 Kh8 14. exd6 exd6
15. Bc4 d5 16. Bb3 Ba6 17. f5 Ng8 18. h4 Rfd8 19. Bd4 Nf6 20. g5 Nh5 21. Bxg7+
Kxg7 22. Qe2 Qb6 23. Qf3 Re8 24. Rhe1 Qb4 25. f6+ Kf8 26. Qh3 Qf4+ 27. Kb1 Qg3
28. Rxe8+ Rxe8 29. Qd7 Qxh4 30. Qxc6 Bc4 31. Ba4 Rd8 32. Qc7 Ra8 33. Bc6 Qxg5
34. Bxa8 Nxf6 35. b3 Qe3 36. Bxd5 Nxd5 37. Nxd5 Bxd5 38. Qd8+ Kg7 39. Qxd5 1-0

[Event "Mechanics' Fall TNM; 30/90, SD/30"]
[Site "San Francisco"]
[Date "2012.11.27"]
[Round "7.2"]
[White "Byambaa, Uyanga"]
[Black "Rumph, Todd"]
[Result "1/2-1/2"]
[WhiteElo "2093"]
[BlackElo "2188"]
[PlyCount "80"]
[EventDate "2012.??.??"]

1. e4 e5 2. Nf3 Nc6 3. Bc4 Nf6 4. Ng5 d5 5. exd5 Na5 6. Bb5+ Bd7 7. Bxd7+ Qxd7
8. d3 Nxd5 9. Bd2 Nc6 10. Nc3 h6 11. Nf3 O-O-O 12. Nxd5 Qxd5 13. O-O g5 14. b4
g4 15. Nh4 Qe6 16. f4 Be7 17. f5 Qf6 18. g3 e4 19. Qe1 exd3 20. Bc3 d2 21. Bxd2
Qd4+ 22. Be3 Qd5 23. b5 Ne5 24. f6 Bc5 25. Bxc5 Qxc5+ 26. Qf2 Qxf2+ 27. Rxf2
Rd5 28. a4 Rhd8 29. Kf1 Nc4 30. Re1 Rd1 31. Nf5 Nd2+ 32. Ke2 Rxe1+ 33. Kxe1
Nf3+ 34. Ke2 Re8+ 35. Kd3 h5 36. Ne7+ Kd7 37. Re2 Ng5 38. c4 Nh7 39. Rf2 Nxf6
40. Rxf6 Kxe7 1/2-1/2

[Event "Mechanics' Winter TNM; 30/90, SD/30"]
[Site "San Francisco"]
[Date "2012.02.07"]
[Round "6.6"]
[White "Byambaa, Uyanga"]
[Black "Sherwood, Peter"]
[Result "1-0"]
[WhiteElo "2027"]
[BlackElo "1769"]
[PlyCount "49"]
[EventDate "2012.??.??"]

1. e4 c5 2. Nf3 d6 3. d4 cxd4 4. Nxd4 Nf6 5. Nc3 a6 6. Bc4 e6 7. Bb3 Be7 8. g4
O-O 9. g5 Ne8 10. h4 Nc6 11. Be3 Na5 12. Qd2 Nxb3 13. axb3 Bd7 14. h5 f6 15. g6
f5 16. exf5 exf5 17. Rg1 Nf6 18. h6 Ng4 19. gxh7+ Kxh7 20. hxg7 Rg8 21. Qd3
Nxe3 22. Qxe3 Rxg7 23. O-O-O Kg8 24. Nd5 Bf6 25. Ne6 1-0

[Event "Mechanics' Fall TNM; 30/90, SD/30"]
[Site "San Francisco"]
[Date "2012.10.23"]
[Round "2.12"]
[White "Byambaa, Uyanga"]
[Black "Solomonik, Edgar"]
[Result "1-0"]
[WhiteElo "2093"]
[BlackElo "1651"]
[PlyCount "49"]
[EventDate "2012.??.??"]

1. e4 c5 2. Nf3 d6 3. d4 cxd4 4. Nxd4 Nf6 5. Nc3 a6 6. Bc4 e6 7. Bb3 Be7 8. g4
Qa5 9. f3 O-O 10. Be3 Nc6 11. Qd2 Ne5 12. O-O-O b5 13. Kb1 Bb7 14. Nd5 Qd8 15.
Nxe7+ Qxe7 16. g5 Nfd7 17. h4 a5 18. g6 Nxf3 19. Nxf3 a4 20. gxf7+ Kh8 21. Bxe6
Qxe6 22. Ng5 Qc4 23. Qxd6 Nf6 24. Bd4 Nxe4 (24... Bxe4 25. Qxf6 $1 Bxc2+ (25...
gxf6 26. Bxf6#) 26. Ka1 Qxd4 27. Qxd4 $18) 25. Qh6 1-0

[Event "Mechanics' Winter TNM; 30/90, SD/30"]
[Site "San Francisco"]
[Date "2012.01.10"]
[Round "2.16"]
[White "Byambaa, Uyanga"]
[Black "Standen, Julian"]
[Result "1-0"]
[WhiteElo "2027"]
[BlackElo "1613"]
[Annotator "Donaldson"]
[PlyCount "29"]
[EventDate "2012.??.??"]

1. e4 c6 2. d4 d5 3. e5 Bf5 4. Nf3 e6 5. Be2 c5 6. Be3 Qb6 7. Nc3 Nc6 (7...
Qxb2 8. Qb1 $1 {is known to be very strong for White - c.f.
Christiansen-Seirawan, U.S. Ch. 2011.}) 8. O-O c4 (8... Qxb2 9. Qe1 $1 {
is also known to be good for White.}) 9. Bxc4 $5 (9. Nh4 {is nor bad and}) (9.
b3 {is most commonly seen here. Objectively the text is not as strong as
either of these moves but it is tricky.}) 9... Qxb2 {Correctly played as} (9...
dxc4 10. d5 Qxb2 11. dxc6 bxc6 12. Qd4 {
as planned by Uyanga is quite good for White.}) 10. Nb5 Rc8 $4 {
The losing move.} (10... dxc4 11. Nc7+ Kd8 12. Nxa8 Qxc2 {
Leads to a messy positions where Black's chances are by no means worse.}) 11.
Bb3 {This traps Black's queen and effectively ends the game.} a6 12. Rb1 Qxb1
13. Qxb1 axb5 14. a4 b4 15. Nh4 1-0

[Event "Mechanics' Spring TNM; 30/90, SD/30"]
[Site "San Francisco"]
[Date "2012.04.24"]
[Round "7.2"]
[White "Byambaa, Uyanga"]
[Black "Thornally, Frank"]
[Result "0-1"]
[WhiteElo "2029"]
[BlackElo "2205"]
[PlyCount "62"]
[EventDate "2012.??.??"]

1. e4 e5 2. Nf3 Nc6 3. Bc4 Bc5 4. c3 Nf6 5. O-O Nxe4 6. d4 exd4 7. cxd4 d5 8.
dxc5 dxc4 9. Qe2 Qd3 10. Re1 f5 11. Nbd2 O-O 12. Nxe4 fxe4 13. Qxe4 Bf5 14. Qh4
Rae8 15. Be3 Re4 16. Qg3 Rg4 17. Qxc7 Qd5 18. Kh1 Be4 19. Red1 Bxf3 20. Rxd5
Rxg2 21. h4 Rxf2+ 22. Kg1 Rg2+ 23. Kf1 Bxd5+ 24. Ke1 Nb4 25. Bd2 Nc2+ 26. Kd1
Nxa1 27. Qe5 Bf3+ 28. Kc1 Rd8 29. Qe3 Bg4 30. b3 Rgxd2 31. Qe4 Rc2+ 0-1

[Event "Mechanics' Spring TNM; 30/90, SD/30"]
[Site "San Francisco"]
[Date "2012.05.01"]
[Round "8.14"]
[White "Campers, Willie"]
[Black "Andries, Craig"]
[Result "1/2-1/2"]
[WhiteElo "1649"]
[BlackElo "1950"]
[PlyCount "90"]
[EventDate "2012.??.??"]

1. e4 d6 2. d4 Nf6 3. Nc3 g6 4. f3 Bg7 5. Be3 Nbd7 6. Qd2 c6 7. Bh6 Bxh6 8.
Qxh6 Qa5 9. O-O-O Qh5 10. Qe3 h6 11. Kb1 Qa5 12. Bc4 b5 13. Bb3 Qb6 14. Qf4 g5
15. Qd2 a5 16. a4 bxa4 17. Nxa4 Qb4 18. Ne2 Rb8 19. e5 Qxd2 20. Rxd2 dxe5 21.
dxe5 Nxe5 22. h4 Ng6 23. hxg5 hxg5 24. Rhd1 Ba6 25. Nd4 Ne5 26. Nc5 Bb5 27.
Nxb5 cxb5 28. Na6 Rc8 29. Nc7+ Kf8 30. Rd8+ Kg7 31. Rxc8 Rxc8 32. Nxb5 Rh8 33.
Re1 Nfd7 34. Nd4 e6 35. Ba4 Kf6 36. g3 Nc5 37. Bb5 a4 38. Ka2 Rh3 39. f4 gxf4
40. gxf4 Ng6 41. Rf1 Rh4 42. Ne2 Ne7 43. Nc3 Kf5 44. Nxa4 Nxa4 45. Bxa4 Nd5
1/2-1/2

[Event "Mechanics' Mar TNM; 30/90, SD/30"]
[Site "San Francisco"]
[Date "2012.08.28"]
[Round "5.16"]
[White "Campers, Willie"]
[Black "Chernobilskiy, Mikhail"]
[Result "0-1"]
[WhiteElo "1683"]
[BlackElo "1855"]
[PlyCount "92"]
[EventDate "2012.??.??"]

1. e4 e5 2. Nf3 d6 3. Bc4 Be7 4. c3 Nf6 5. d3 h6 6. Nbd2 c6 7. Bb3 b5 8. O-O
Nbd7 9. Re1 O-O 10. Nf1 c5 11. d4 c4 12. Bc2 Qc7 13. Ng3 Re8 14. Nf5 Bf8 15.
N3h4 Bb7 16. d5 a5 17. Re3 Nc5 18. Qf3 Kh7 19. Bd2 g6 20. Ng3 Bg7 21. Ngf5 Bf8
22. Ng3 Bg7 23. h3 Qd8 24. Qe2 Nxd5 25. exd5 Qxh4 26. Ne4 Nxe4 27. Bxe4 f5 28.
g3 Qe7 29. Bg2 e4 30. f3 Bxd5 31. fxe4 Bxe4 32. Re1 d5 33. Kh2 Be5 34. Bxe4
dxe4 35. b3 cxb3 36. axb3 a4 37. Qxb5 Reb8 38. Qf1 axb3 39. Rb1 Ra2 40. Qd1 Qd6
41. Re2 Rd8 42. Qxb3 Rxd2 43. Qf7+ Bg7 44. Rbe1 Rxe2+ 45. Rxe2 Qd1 46. Qa2 e3
0-1

[Event "Mechanics' Fall TNM; 30/90, SD/30"]
[Site "San Francisco"]
[Date "2012.11.20"]
[Round "6.18"]
[White "Campers, Willie"]
[Black "Chernobilskiy, Mikhail"]
[Result "0-1"]
[WhiteElo "1607"]
[BlackElo "1871"]
[PlyCount "102"]
[EventDate "2012.??.??"]

1. e4 e5 2. Nf3 Nc6 3. Bb5 a6 4. Ba4 Nf6 5. d3 d6 6. c3 Be7 7. O-O O-O 8. h3 b5
9. Bc2 Bb7 10. Qe2 Re8 11. Rd1 Bf8 12. Bg5 h6 13. Bh4 Qe7 14. Nbd2 Nb8 15. Nf1
Nbd7 16. Ne3 g6 17. b4 Bg7 18. Bb3 Qf8 19. Nh2 c5 20. Rac1 Rac8 21. Nhf1 g5 22.
Bg3 c4 23. dxc4 Nxe4 24. Nd5 Bxd5 25. Rxd5 Nxg3 26. fxg3 Nb6 27. Rdd1 Nxc4 28.
Ne3 Rc6 29. Nxc4 bxc4 30. Bxc4 e4 31. Bxa6 Rxc3 32. Rxc3 Bxc3 33. b5 Qe7 34.
Kh2 Qe5 35. b6 d5 36. b7 Ba5 37. Rf1 Bc7 38. Qf2 Re7 39. Be2 d4 40. Bh5 d3 41.
Bxf7+ Kg7 42. Bb3 Re8 43. Qe3 Rf8 44. Rxf8 Kxf8 45. Qf2+ Ke7 46. Qf7+ Kd6 47.
Qf8+ Kc6 48. Ba4+ Kxb7 49. Qb4+ Ka7 50. Qe1 e3 51. Bd1 d2 0-1

[Event "Mechanics' Summer TNM; 30/90, SD/30"]
[Site "San Francisco"]
[Date "2012.06.19"]
[Round "5.15"]
[White "Campers, Willie"]
[Black "Delmonico, Nils"]
[Result "0-1"]
[WhiteElo "1660"]
[BlackElo "1895"]
[PlyCount "80"]
[EventDate "2012.??.??"]

1. e4 c6 2. d4 d5 3. e5 c5 4. c3 Nc6 5. Nf3 Bg4 6. Be2 e6 7. Qb3 Qb6 8. Qa4
Bxf3 9. Bxf3 cxd4 10. O-O Nge7 11. c4 O-O-O 12. cxd5 Nxd5 13. Bxd5 Rxd5 14. Bf4
Be7 15. Nd2 g5 16. Bg3 h5 17. h3 Qb4 18. Qc2 d3 19. Qd1 g4 20. h4 Kb8 21. Re1
Nd4 22. Re4 Qb5 23. Bh2 Rc8 24. b3 Bb4 25. a4 Qa6 26. Nc4 Ne2+ 27. Rxe2 dxe2
28. Qxe2 Rd2 29. Qe4 Rxc4 30. bxc4 Bc5 31. Bg3 Qb6 32. Qf4 Qb2 33. Rf1 Qc3 34.
Qxf7 Qxg3 35. Qe8+ Kc7 36. Qf7+ Rd7 37. Qxe6 Qxh4 38. Qf5 g3 39. Qh3 Qxh3 40.
gxh3 gxf2+ 0-1

[Event "Mechanics' Spring TNM; 30/90, SD/30"]
[Site "San Francisco"]
[Date "2012.04.24"]
[Round "7.17"]
[White "Campers, Willie"]
[Black "Ganesh, Vikram"]
[Result "1-0"]
[WhiteElo "1649"]
[BlackElo "1831"]
[PlyCount "71"]
[EventDate "2012.??.??"]

1. e4 e5 2. Nf3 Nc6 3. Bb5 a6 4. Ba4 Nf6 5. d3 d6 6. c3 b5 7. Bc2 Be7 8. O-O
Bg4 9. Nbd2 O-O 10. h3 Bh5 11. Qe2 b4 12. Ba4 bxc3 13. bxc3 Na5 14. Rb1 Rb8 15.
Rxb8 Qxb8 16. Bc2 c5 17. Rd1 Qc7 18. Nf1 Nc6 19. Ng3 Bg6 20. Nh4 Qa5 21. Nhf5
h6 22. Bd2 Qxa2 23. Bxh6 gxh6 24. Qd2 Nh7 25. Qxh6 Bf6 26. Bb1 Qb3 27. Rc1 Ne7
28. h4 Bxf5 29. exf5 Qa4 30. c4 Qd7 31. d4 Bg7 32. Qh5 Nf6 33. Qg5 Nh7 34. Qh5
Bf6 35. Ne4 Qxf5 36. Ng5 1-0

[Event "Mechanics' Spring TNM; 30/90, SD/30"]
[Site "San Francisco"]
[Date "2012.03.27"]
[Round "3.28"]
[White "Campers, Willie"]
[Black "Harris, Clarence"]
[Result "1-0"]
[WhiteElo "1649"]
[BlackElo "1395"]
[PlyCount "85"]
[EventDate "2012.??.??"]

1. e4 e5 2. f4 d5 3. exd5 c6 4. dxc6 Nxc6 5. Nf3 Bg4 6. fxe5 Bxf3 7. Qxf3 Nd4
8. Qe4 Qb6 9. c3 Ne6 10. d4 Be7 11. a4 f6 12. Bb5+ Kf7 13. O-O a6 14. Bc4 Rd8
15. Ba2 Ke8 16. Qf5 Kd7 17. Kh1 g6 18. Qh3 f5 19. Qf3 Bf8 20. b4 Nh6 21. h3 Bg7
22. Na3 Qc7 23. Qd5+ Kc8 24. Qxe6+ Kb8 25. Qb3 Rhe8 26. Bf4 Ka8 27. b5 Qe7 28.
Nc4 a5 29. Nxa5 g5 30. Bh2 f4 31. Nc4 Nf5 32. Nb6+ Kb8 33. Nc4 h5 34. Bb1 Ng3+
35. Bxg3 fxg3 36. Nd6 Rf8 37. Bg6 Rxf1+ 38. Rxf1 g4 39. Rf7 Qg5 40. Rxb7+ Ka8
41. Qb1 Rxd6 42. Rxg7 gxh3 43. Be4+ 1-0

[Event "Mechanics' Spring TNM; 30/90, SD/30"]
[Site "San Francisco"]
[Date "2012.03.13"]
[Round "1.10"]
[White "Campers, Willie"]
[Black "Jaffray, John"]
[Result "0-1"]
[WhiteElo "1649"]
[BlackElo "2034"]
[PlyCount "62"]
[EventDate "2012.??.??"]

1. e4 c5 2. Nc3 Nc6 3. g3 g6 4. Bg2 Bg7 5. Nf3 e6 6. Qe2 a6 7. O-O d6 8. d3
Nge7 9. Bg5 h6 10. Be3 b5 11. Qd2 b4 12. Nd1 Rb8 13. Rb1 Qa5 14. Ra1 Qb6 15.
Rb1 Bd7 16. b3 Kf8 17. Nb2 Kg8 18. Nc4 Qc7 19. Bf4 e5 20. Be3 Kh7 21. Rbd1 Rhf8
22. h4 Be6 23. Nb2 f5 24. Qe1 f4 25. Bc1 Bg4 26. Nc4 Bxf3 27. Bxf3 Nd4 28. Bg2
Qd7 29. Kh2 Nxc2 30. Qd2 Nd4 31. Kh1 $4 f3 0-1

[Event "Mechanics' Winter TNM; 30/90, SD/30"]
[Site "San Francisco"]
[Date "2012.01.31"]
[Round "5.12"]
[White "Campers, Willie"]
[Black "Ledford, Steven"]
[Result "1/2-1/2"]
[WhiteElo "1641"]
[BlackElo "1957"]
[PlyCount "120"]
[EventDate "2012.??.??"]

1. e4 d6 2. d4 g6 3. Be3 Bg7 4. Qd2 Nf6 5. f3 c6 6. Bh6 Bxh6 7. Qxh6 Qb6 8. Qc1
Qxd4 9. Ne2 Qb6 10. Nec3 Be6 11. Na3 Nbd7 12. Bc4 d5 13. Bb3 h5 14. Qd2 Nc5 15.
Na4 Nxa4 16. Bxa4 dxe4 17. O-O-O e3 18. Qe2 Nd5 19. Nc4 Qc5 20. Bb3 b5 21. Na5
O-O-O 22. g3 Rd6 23. h3 Qb6 24. Bxd5 Qxa5 25. Bxe6+ Rxe6 26. Kb1 Qc7 27. Rd3
Rd8 28. Rxe3 Rxe3 29. Qxe3 Qd7 30. a3 e6 31. Re1 Qd4 32. Qg5 Qd2 33. Re3 Qd1+
34. Ka2 Qd5+ 35. Qxd5 Rxd5 36. Kb3 Kc7 37. c3 Rd2 38. g4 h4 39. f4 Kd6 40. Rf3
Rg2 41. Rd3+ Ke7 42. c4 Rg3 43. Kc3 bxc4 44. Kxc4 Rxd3 45. Kxd3 f6 46. Ke4 Kd6
47. b4 f5+ 48. gxf5 exf5+ 49. Kd4 Ke6 50. Kc5 Kf6 51. Kd4 a6 52. a4 Ke6 53. Kc5
Kf6 54. Kxc6 g5 55. fxg5+ Kxg5 56. b5 axb5 57. axb5 f4 58. b6 f3 59. b7 f2 60.
b8=Q f1=Q 1/2-1/2

[Event "Mechanics' Mar TNM; 30/90, SD/30"]
[Site "San Francisco"]
[Date "2012.08.14"]
[Round "3.11"]
[White "Campers, Willie"]
[Black "Morton, Adam"]
[Result "0-1"]
[WhiteElo "1683"]
[BlackElo "1891"]
[PlyCount "44"]
[EventDate "2012.??.??"]

1. e4 e5 2. Nf3 Nc6 3. Bb5 a6 4. Ba4 Nf6 5. d3 d6 6. c3 g6 7. Bg5 Bg7 8. Qc1 h6
9. Bd2 Bg4 10. Bd1 Qd7 11. Na3 O-O-O 12. O-O d5 13. h3 Bxf3 14. Bxf3 dxe4 15.
Be2 exd3 16. Bd1 Nd5 17. Bg4 f5 18. Bd1 Kb8 19. Nc4 e4 20. Re1 Ne5 21. Ne3 Nxe3
22. Bxe3 d2 0-1

[Event "Mechanics' Mar TNM; 30/90, SD/30"]
[Site "San Francisco"]
[Date "2012.09.04"]
[Round "6.18"]
[White "Campers, Willie"]
[Black "Newey, Richard"]
[Result "1-0"]
[WhiteElo "1906"]
[BlackElo "1683"]
[PlyCount "131"]
[EventDate "2012.??.??"]

1. d4 Nf6 2. Nf3 g6 3. Bf4 Bg7 4. h3 b6 5. Nc3 Bb7 6. Qd2 e6 7. Bh6 O-O 8. Bxg7
Kxg7 9. O-O-O a5 10. Ne5 d6 11. Ng4 Nbd7 12. Qh6+ Kh8 13. f3 Qe7 14. e4 e5 15.
Nb5 Rac8 16. Bc4 Ng8 17. Qe3 Ndf6 18. d5 Nh5 19. Qf2 Qg5+ 20. Kb1 Qf4 21. Nc3
Qg3 22. Qg1 Nf4 23. Rh2 f5 24. Ne3 Qg5 25. h4 Qe7 26. g3 Nh5 27. Be2 f4 28. Nf1
fxg3 29. Nxg3 Ngf6 30. Bf1 Nxg3 31. Qxg3 Nh5 32. Qf2 Rf7 33. Qe3 Kg7 34. Bh3
Rcf8 35. Bg4 Qf6 36. Rg1 Nf4 37. h5 g5 38. h6+ Kh8 39. Bf5 Bc8 40. Bxc8 Rxc8
41. Ne2 Rg8 42. Ng3 Nxd5 43. exd5 Qxf3 44. Qxf3 Rxf3 45. Ne4 g4 46. a3 Rf4 47.
Nc3 Rd4 48. Rhg2 Rg6 49. b3 Rxh6 50. Rxg4 Rxg4 51. Rxg4 Rh2 52. Nb5 h5 53. Rg5
h4 54. Nxc7 h3 55. Ne8 Kh7 56. Nxd6 Kh6 57. Nf7+ Kh7 58. Nxe5 Rh1+ 59. Kb2 Kh6
60. Nf3 Rf1 61. Rg3 Rh1 62. Kc3 Kh5 63. d6 Rd1 64. Nd2 Kh4 65. Rxh3+ Kxh3 66.
d7 1-0

[Event "Mechanics' Summer TNM; 30/90, SD/30"]
[Site "San Francisco"]
[Date "2012.05.29"]
[Round "2.26"]
[White "Campers, Willie"]
[Black "Olson, David"]
[Result "0-1"]
[WhiteElo "1660"]
[BlackElo "1400"]
[PlyCount "52"]
[EventDate "2012.??.??"]

1. e4 e5 2. f4 Nf6 3. Nc3 Bc5 4. fxe5 Ng8 5. d4 Bb4 6. Nf3 d5 7. exd5 Qxd5 8.
Bd2 Bxc3 9. Bxc3 Ne7 10. Bb4 Nbc6 11. Ba3 Bg4 12. Be2 Nf5 13. Qd3 O-O-O 14.
O-O-O Qxa2 15. h3 Nfxd4 16. Nxd4 Rxd4 17. Bxg4+ Kb8 18. Qxd4 Nxd4 19. c3 Nb5
20. Be7 a6 21. Kc2 Qa4+ 22. Kb1 Qb3 23. Rd3 Re8 24. Bc5 b6 25. Bd7 Rxe5 26. Bf8
Re2 0-1

[Event "Mechanics' Summer TNM; 30/90, SD/30"]
[Site "San Francisco"]
[Date "2012.07.10"]
[Round "8.20"]
[White "Campers, Willie"]
[Black "Rakonitz, David"]
[Result "1-0"]
[WhiteElo "1660"]
[BlackElo "1495"]
[PlyCount "111"]
[EventDate "2012.??.??"]

1. e4 e6 2. d4 d5 3. Nc3 dxe4 4. Nxe4 Nd7 5. Bb5 a6 6. Ba4 b5 7. Bb3 Ngf6 8.
Bg5 Be7 9. Nxf6+ Nxf6 10. Qf3 Rb8 11. O-O-O Bb7 12. Qh3 Ne4 13. Bxe7 Qxe7 14.
Qe3 O-O 15. f3 Nf6 16. Ne2 Rfd8 17. Nc3 Nd5 18. Nxd5 Bxd5 19. Bxd5 Rxd5 20. Kb1
Rbd8 21. c3 c5 22. Qe4 cxd4 23. cxd4 Qd7 24. a3 g6 25. h4 e5 26. h5 Rxd4 27.
Rxd4 Qxd4 28. Qb7 Qd3+ 29. Ka1 Rd6 30. h6 Qd5 31. Qc8+ Rd8 32. Qxa6 b4 33. Qf6
Kf8 34. Rc1 bxa3 35. Qg7+ Ke7 36. Rc7+ Rd7 37. Rxd7+ Qxd7 38. Qxe5+ Kd8 39.
Qa5+ Ke8 40. Qxa3 Qd1+ 41. Ka2 Qd5+ 42. Qb3 Qa5+ 43. Kb1 Qe1+ 44. Ka2 Qa5+ 45.
Qa3 Qd5+ 46. b3 Qd2+ 47. Qb2 Qa5+ 48. Kb1 Qf5+ 49. Kc1 Qg5+ 50. Qd2 Qc5+ 51.
Kd1 Qg1+ 52. Qe1+ Qxe1+ 53. Kxe1 Kd7 54. Kd2 Kc6 55. Kc3 f5 56. g4 1-0

[Event "Mechanics' Fall TNM; 30/90, SD/30"]
[Site "San Francisco"]
[Date "2012.10.23"]
[Round "2.26"]
[White "Campers, Willie"]
[Black "Rubandhas, Samprabhu"]
[Result "1-0"]
[WhiteElo "1607"]
[BlackElo "1266"]
[PlyCount "63"]
[EventDate "2012.??.??"]

1. e4 d5 2. exd5 Qxd5 3. Nc3 Qa5 4. Nf3 Nf6 5. d4 c6 6. Bd2 Qc7 7. Ne5 e6 8.
Bd3 Bd6 9. f4 O-O 10. Qe2 Nbd7 11. Ne4 c5 12. c3 b6 13. O-O Bb7 14. Nxd6 Qxd6
15. Be3 Ne4 16. Rad1 Qe7 17. Nxd7 Qxd7 18. dxc5 Qc7 19. cxb6 axb6 20. Bd4 f5
21. Be5 Qc5+ 22. Kh1 Rxa2 23. Bc4 Raa8 24. Bxe6+ Kh8 25. Rd7 Rf6 26. Bxf6 gxf6
27. Qh5 Nf2+ 28. Rxf2 Ra1+ 29. Rd1 Rxd1+ 30. Qxd1 Qxf2 31. Qd8+ Kg7 32. Qe7+
1-0

[Event "Mechanics' Mar TNM; 30/90, SD/30"]
[Site "San Francisco"]
[Date "2012.09.25"]
[Round "9.12"]
[White "Campers, Willie"]
[Black "Todortsev, Victor"]
[Result "1-0"]
[WhiteElo "1683"]
[BlackElo "1950"]
[PlyCount "61"]
[EventDate "2012.??.??"]

1. e4 e5 2. Nf3 Nc6 3. Bb5 a6 4. Ba4 Nf6 5. O-O d6 6. d3 Bg4 7. c3 Be7 8. Be3
O-O 9. Nbd2 Qd7 10. h3 Bh5 11. Qe2 b5 12. Bb3 Na5 13. Bc2 c5 14. Rfd1 Nc6 15.
Nf1 d5 16. Ng3 Bg6 17. Nh4 d4 18. Bg5 h6 19. Bxf6 Bxf6 20. Nhf5 Ne7 21. Qg4
Rad8 22. Bb3 Qc7 $2 23. cxd4 $2 (23. Nxe7+) 23... cxd4 $2 (23... Bxf5) 24.
Nxe7+ Qxe7 25. Qxg6 Kh8 26. Qg4 Bg5 27. Nf5 Qb4 28. h4 Bf6 29. Rac1 Rc8 30.
Rxc8 Rxc8 31. Nxh6 1-0

[Event "Mechanics' Summer TNM; 30/90, SD/30"]
[Site "San Francisco"]
[Date "2012.06.26"]
[Round "6.21"]
[White "Campers, Willie"]
[Black "Woebcke, Carl"]
[Result "0-1"]
[WhiteElo "1660"]
[BlackElo "1831"]
[PlyCount "32"]
[EventDate "2012.??.??"]

1. e4 c5 2. Nc3 Nc6 3. f4 g6 4. Nf3 Bg7 5. Bc4 e6 6. a3 Nge7 7. d3 d5 8. exd5
exd5 9. Ba2 O-O 10. O-O Nd4 11. Nxd4 Bxd4+ 12. Kh1 Be6 13. Qf3 Qd7 14. Be3 Bg4
15. Qf2 Bxe3 16. Qxe3 d4 0-1

[Event "Mechanics' Spring TNM; 30/90, SD/30"]
[Site "San Francisco"]
[Date "2012.05.01"]
[Round "8.15"]
[White "Chadwick, Richard"]
[Black "Anderson, Michael"]
[Result "0-1"]
[WhiteElo "1600"]
[BlackElo "1908"]
[PlyCount "70"]
[EventDate "2012.??.??"]

1. c4 f5 2. d4 Nf6 3. Nc3 g6 4. g3 Bg7 5. Bg2 O-O 6. Nf3 d6 7. O-O c6 8. d5 c5
9. Ng5 h6 10. Ne6 Bxe6 11. dxe6 Nc6 12. Rb1 Rb8 13. e3 Ne5 14. b3 g5 15. f4
gxf4 16. exf4 Nc6 17. Ne2 Qe8 18. Bb2 Qg6 19. Bxf6 Rxf6 20. Bd5 Nd8 21. Re1
Nxe6 22. Nc1 Kh8 23. Kh1 Nd4 24. Rxe7 b5 25. Nd3 bxc4 26. bxc4 Rxb1 27. Qxb1
Qg4 28. Qf1 Rf8 29. Nf2 Qh5 30. Nd3 Bf6 31. Re1 Re8 32. Kg2 Nc2 33. Rxe8+ Qxe8
34. Qf2 Ne3+ 35. Kh1 Nxd5 0-1